Bankovní regulace a dohled - ano, či ne?
Čo je banková regulácia a dohľad. Základné ciele a potreba ich zabezpečenia. Rozdielnosť názorov na reguláciu a dohľad. Argumenty týkajúce sa oprávnenosti regulácie a dohľadu bánk sa sústreďujú do 4 hlavných oblastí: odlišnosť bankovníctva, asymetria informácií, pokles sprostredkovania finančných tr...
Guardado en:
| Autor principal: | |
|---|---|
| Formato: | Capítulo de libro |
| Lenguaje: | checo |
| Materias: | |
| Etiquetas: |
Sin Etiquetas, Sea el primero en etiquetar este registro!
|
MARC
| LEADER | 00000naa a2200000 4500 | ||
|---|---|---|---|
| 001 | r023754 | ||
| 005 | 20221213081722.0 | ||
| 041 | 0 | |a cze | |
| 044 | |a CZ | ||
| 245 | 1 | 0 | |a Bankovní regulace a dohled - ano, či ne? |c Zbyněk Revenda |
| 520 | |a Čo je banková regulácia a dohľad. Základné ciele a potreba ich zabezpečenia. Rozdielnosť názorov na reguláciu a dohľad. Argumenty týkajúce sa oprávnenosti regulácie a dohľadu bánk sa sústreďujú do 4 hlavných oblastí: odlišnosť bankovníctva, asymetria informácií, pokles sprostredkovania finančných transakcií prostredníctvom bánk, nutnosť regulácie množstva peňazí v obehu. | ||
| 610 | 2 | 0 | |a bankovníctvo |
| 610 | 2 | 0 | |a kontrola banková |
| 610 | 2 | 0 | |a regulácia |
| 610 | 2 | 0 | |a informácie asymetrické |
| 610 | 2 | 0 | |a dohľad bankový |
| 100 | 1 | |a Revenda, Zbyněk | |